• 首页
  • 本馆介绍
  • 公告通知
  • 最新文献
  • 馆藏检索
  • 电子资源
  • 读者导购
  • 参考咨询
  • 我的图书馆
  • 登录
  • 详细信息显示
  • 放入我的书架
  • 预约/预借图书
  • 作者相关作品
  • 分类相关作品
  • 丛书相关作品
  • 出版社相关作品

书目信息

  • 表格格式
  • 工作单格式
  • 卡片格式
题名:
呐喊
    
 
作者: 鲁迅, 著
分册:  
出版信息: 北京   中国商业出版社  2018
页数: 312页
开本: 22cm
丛书名:
单 册:
中图分类: I210.2 , I210.6
科图分类:
主题词: 鲁迅著作--lu xun zhu zuo--选集 , 鲁迅小说--lu xun xiao shuo--小说集 , 鲁迅杂文--lu xun za wen--杂文集
电子资源:
ISBN: 978-7-5208-0223-9
000 01630nam0 2200337 450
001 012001006991
005 20130301111145.0
010    @a978-7-5208-0223-9@b精装@dCNY39.80
099    @aCAL 012018121104
100    @a20180928d2018 em y0chiy50 ea
101 0  @achi
102    @aCN@b110000
105    @ay z 000zy
106    @ar
200 1  @a呐喊@Ana han@f鲁迅著
210    @a北京@c中国商业出版社@d2018
215    @a312页@d22cm
312    @a其他题名取自封面
327 1  @a呐喊 ;@a伪自由书 ;@a准风月谈 (选编).
330    @a鲁迅小说集《呐喊》真实地描绘了从辛亥革命到五四运动时期的社会生活,从革命民主主义出发,抱着启蒙主义目的和人道主义精神,揭示了种种深层次的社会矛盾,对旧时中国的制度及部分陈腐的传统观念进行了深刻的剖析和比较彻底的否定,表现出对民族生存浓重的忧患意识和对社会变革的强烈希望。《伪自由书》是1933年1月底至5月中旬,鲁迅写给《申报》副刊《自由谈》的短评合集。收录了鲁迅在1933年所写的杂文四十三篇。包括《观斗》,《电的利弊》,《赌咒》,《从讽刺到幽默》,《推背图》,《中国人的生命圈》,《大观园的人才》,《言论自由的界限》,《天上地下》等。《准风月谈》收录了鲁迅在1933年所写的杂文,包括《夜颂》,《“吃白相饭”》,《晨凉漫记》,《秋夜纪游》,《四库全书珍本》等。
517 1  @a鲁迅小说集@Alu xun xiao shuo ji
517 1  @a伪自由书@Awei zi you shu
517 1  @a准风月谈@Azhun feng yue tan
606 0  @a鲁迅著作@Alu xun zhu zuo@j选集
606 0  @a鲁迅小说@Alu xun xiao shuo@x小说集
606 0  @a鲁迅杂文@Alu xun za wen@x杂文集
690    @aI210.2@v5
690    @aI210.6@v5
701  0 @a鲁迅,@Alu xun@f1881-1936@4著
801  0 @aCN@b上海新华@c20191020
905    @b1132648-51@dI210.2@e354@f4
    
    呐喊/鲁迅著.-北京:中国商业出版社,2018
    312页;22cm
    
    部分内容:呐喊 ;;伪自由书 ;;准风月谈 (选编).
    ISBN 978-7-5208-0223-9(精装):CNY39.80
    鲁迅小说集《呐喊》真实地描绘了从辛亥革命到五四运动时期的社会生活,从革命民主主义出发,抱着启蒙主义目的和人道主义精神,揭示了种种深层次的社会矛盾,对旧时中国的制度及部分陈腐的传统观念进行了深刻的剖析和比较彻底的否定,表现出对民族生存浓重的忧患意识和对社会变革的强烈希望。《伪自由书》是1933年1月底至5月中旬,鲁迅写给《申报》副刊《自由谈》的短评合集。收录了鲁迅在1933年所写的杂文四十三篇。包括《观斗》,《电的利弊》,《赌咒》,《从讽刺到幽默》,《推背图》,《中国人的生命圈》,《大观园的人才》,《言论自由的界限》,《天上地下》等。《准风月谈》收录了鲁迅在1933年所写的杂文,包括《夜颂》,《“吃白相饭”》,《晨凉漫记》,《秋夜纪游》,《四库全书珍本》等。
●
相关链接 在E读中查询图书 在五车中查询图书 在当当中查询图书 在豆瓣中查询图书


正题名:呐喊     索取号:I210.2/354         预约/预借

序号 登录号 条形码 馆藏地/架位号 状态 备注
1 1132648   211326484   第一样本阅览室/ [索取号:I210.2/354] 在馆    
2 1132649   211326493   第二借阅区/ [索取号:I210.2/354] 在馆    
3 1132650   211326509   第二借阅区/ [索取号:I210.2/354] 在馆    
4 1132651   211326518   第二借阅区/ [索取号:I210.2/354] 在馆    
欢迎您!
大连网信软件有限公司© 版权所有